Word Scramble - Lord of the Rings Characters - Statistics

General Stats
  • This quiz has been taken 119 times
  • The average score is 23 of 30
Answer Stats
Hint Answer % Correct
AMS Sam
100%
ODFRO Frodo
99%
LGIIM Gimli
99%
IINPP Pippin
98%
MOORRIB Boromir
95%
GARONAR Aragorn
93%
FAGNDAL Gandalf
93%
SALOGLE Legolas
92%
EMRYR Merry
88%
NOWYE Eowyn
86%
ROMEE Eomer
84%
NEWAR Arwen
82%
LLUOMG Gollum
81%
DROELN Elrond
80%
NODEHET Theoden
80%
OBLBI Bilbo
79%
LADEGRAIL Galadriel
79%
ROSUAN Sauron
77%
MARIG Grima
69%
RUDILSI Isildur
68%
NARMSUA Saruman
67%
NECBRELO Celeborn
66%
RAFMIRA Faramir
66%
THKNGWICI Witch-king
64%
RIDHAL Haldir
59%
TRUZL Lurtz
58%
OHTMOGG Gothmog
54%
ROTHENDE Denethor
52%
BHESOL Shelob
49%
DREBTEAER Treebeard
33%
No matching quizzes found
Score Distribution
Percent of People with Each Score
Percentile by Number Answered
Your Score History
You have not taken this quiz